| 000 | 00812nam a2200193 4500 | ||
|---|---|---|---|
| 001 | 118323 | ||
| 003 | ES-MaACL | ||
| 005 | 20250823063103.0 | ||
| 007 | t| | ||
| 008 | 070214m19501951sp r ||||1| spa d | ||
| 100 | 1 |
_aPardo, Luis, _d1897-1958 _989001 |
|
| 245 | 1 | 0 |
_aApuntes para la historia de la pesca continental española / _cpor Luis Pardo. |
| 260 |
_aMadrid : _bMinisterio de Agricultura, Dirección General de Montes, Caza y Pesca Fluvial, Instituto Forestal de Investigaciones y Experiencias, _c1950-1951. |
||
| 300 |
_a2 t. : _bil. ; _c23 cm. |
||
| 505 | 8 | _aContiene: t. I: Desde los tiempos remotos al siglo XVIII ; t. II : Los siglos XIX y XX | |
| 710 | 2 |
_aInstituto Forestal de Investigaciones y Experiencias. _95059 |
|
| 852 |
_aES-MaACL _jD-8025-6 _bR.31504 |
||
| 999 |
_c118323 _d118323 |
||